• 首页
  • 本馆介绍
  • 公告通知
  • 最新文献
  • 馆藏检索
  • 电子资源
  • 读者导购
  • 参考咨询
  • 我的图书馆
  • 登录
  • 详细信息显示
  • 放入我的书架
  • 预约/预借图书
  • 作者相关作品
  • 分类相关作品
  • 丛书相关作品
  • 出版社相关作品

书目信息

  • 表格格式
  • 工作单格式
  • 卡片格式
题名:
写作
    
 
作者: ;上海师范大学 , 上海师范学院 编
分册: 上册  
出版信息: 上海   上海师范大学  
页数: 211页
开本: 20cm
丛书名:
单 册:
中图分类: H052
科图分类:
主题词: 写作学 , 修辞学
电子资源:
ISBN:
000 00646nam0 2200217 450
001 0559131517
005 20051103162845.90
010    @dCNY0.42
100    @a20051103d km y0chiy0120 ea
101 0  @achi
102    @aCN@b310000
200 1  @a写作@Axie zuo@h上册@f上海师范大学,上海师范学院编@Fshang hai shi fan da xue,shang hai shi fan xue yuan bian
210    @a上海@c上海师范大学
215 1  @a211页@d20cm
606 0  @a写作学
606 0  @a修辞学
690    @aH052@v4
711  0 @a上海师范大学@Ashang hai shi fan da xue@4编
711  0 @a上海师范学院@Ashang hai shi fan xue yuan@4编
801  0 @aCN@bPFT@c20051103
905    @a10447@dH052@e5:1
    
    写作.上册/上海师范大学,上海师范学院编.-上海:上海师范大学
    211页;20cm
    
    
    ISBN :CNY0.42
    
●
相关链接 在E读中查询图书 在五车中查询图书 在当当中查询图书 在豆瓣中查询图书


正题名:写作     索取号:H052/5:1         预约/预借

序号 登录号 条形码 馆藏地/架位号 状态 备注
1 0019269   202135732   密集书库/ [索取号:H052/5:1] 在馆    
唐山师范学院图书馆 欢迎您!
大连网信软件有限公司© 版权所有